One Piece- Membres connus de l'Equipage de Rocks - Statistiques

Statistiques générales
  • Ce quiz a été pris 155 fois
    62 depuis la dernière actualisation
  • Le résultat moyen est 9 sur 15
Statistiques - réponses
Membres de l'équipage de Rocks % Correct
Kaido
100%
Charlotte Linlin
98%
Edward Newgate
98%
Rocks D.Xebec
91%
Shiki
80%
John
73%
Buckingham Stussy
62%
Gloriosa
56%
Hache d'Argent
51%
Streusen
40%
Ochoku
33%
Ganzui
27%
Marlon
24%
Gill Bastar
22%
Barbell
20%
Aucun quiz correspondant
Distribution des résultats
% des personnes avec chaque résultat
Percentile par nombre de réponses
Votre historique - résultats
Vous n’avez pas pris ce quiz depuis la dernière actualisation